000 00437nam a22001817a 4500
003 MPLRDC
005 20220104143746.0
008 210129b ||||| |||| 00| 0 eng d
020 _a962-07-3123-9
082 _a414.8 CKJ
100 _a陈可冀、周文泉主编
245 _a中国传统养生学精粹
_c
250 _a一版一刷
260 _a
_b商务
_c1990
300 _b
650 _a医话
942 _cBK
_o414.8 CKJ
999 _c43051
_d43041